000 00564nam a22002177a 4500
003 UA-OsUOA
001 88304
007 ta
008 20121003b un ||||| |||| 00| 0 ukr d
100 _aЛихачев Д.С.
090 _a82ю09
_bЛ 65
942 _cBK
040 _aUA-OsUOA
_brus
_cUA-OsUOA
_dUA-OsUOA
245 _aВеликое наследие
300 _a367 с.
955 _a5
041 _arus
080 _a82ю09
260 _aМ.
_bСовременник
_c1975
650 7 _a82 Література. Літературознавство
_2UDC
999 _c374283
_d374283